Đo lường-máy điện khí cụ điện

Salvato in:
Dettagli Bibliografici
Autore principale: Hoàng Hữu Thuận
Natura: Libro
Pubblicazione: H. Công nhân kỹ thuật 1982
Soggetti:
Tags: Aggiungi Tag
Nessun Tag, puoi essere il primo ad aggiungerne! !
Thư viện lưu trữ: Trung tâm Học liệu Lê Vũ Hùng, Trường Đại học Đồng Tháp
LEADER 00774pam a22002418a 4500
001 00017226
005 20171026081022.0
008 110419s1982 ||||||Viesd
041 0 # |a Vie 
082 1 4 |a 537.028  |b Đ400L 
100 0 # |a Hoàng Hữu Thuận 
245 0 0 |a Đo lường-máy điện khí cụ điện  |c Hoàng Hữu Thuận 
260 # # |a H.  |b Công nhân kỹ thuật  |c 1982 
300 # # |a 537 tr.  |b hình vẻ  |c 19 cm. 
653 # # |a Acqui 
653 # # |a Đo lường điện 
653 # # |a Máy điện 
653 # # |a Dây dẫn 
653 # # |a Dòng điện 
852 # # |j KD.0002403 
852 # # |b Kho đọc  |j KD.100000 
910 |d 19/04/2011 
980 # # |a Trung tâm Học liệu Lê Vũ Hùng, Trường Đại học Đồng Tháp